The East Africa law reports 2008, Vol 2/ (Record no. 5042)

MARC details
000 -LEADER
fixed length control field 010120000a22002650004500
001 - CONTROL NUMBER
control field 002695
003 - CONTROL NUMBER IDENTIFIER
control field OSt
005 - DATE AND TIME OF LATEST TRANSACTION
control field 20120111110304.0
008 - FIXED-LENGTH DATA ELEMENTS--GENERAL INFORMATION
fixed length control field 120111t xxu||||| |||| 00| 0 eng d
022 ## - INTERNATIONAL STANDARD SERIAL NUMBER
International Standard Serial Number 1684-4874
040 ## - CATALOGING SOURCE
Original cataloging agency DDC
Language of cataloging DDC
082 ## - DEWEY DECIMAL CLASSIFICATION NUMBER
Classification number 348.042 EAS
245 ## - TITLE STATEMENT
Title The East Africa law reports 2008, Vol 2/
260 ## - PUBLICATION, DISTRIBUTION, ETC. (IMPRINT)
Name of publisher, distributor, etc Law Africa
Date of publication, distribution, etc c2010
300 ## - PHYSICAL DESCRIPTION
Extent xxxi, 392p.:
Dimensions 24cm
500 ## - GENERAL NOTE
General note Vol.1 & 2 (2009);
650 ## - SUBJECT ADDED ENTRY--TOPICAL TERM
Topical term or geographic name as entry element cases
-- East Africa
-- laws
-- reports
9 (RLIN) 6469
653 ## - INDEX TERM--UNCONTROLLED
Uncontrolled term Law
700 ## - ADDED ENTRY--PERSONAL NAME
Personal name Law Africa
9 (RLIN) 6470
710 ## - ADDED ENTRY--CORPORATE NAME
Corporate name or jurisdiction name as entry element lexis Nexis
9 (RLIN) 6471
942 ## - ADDED ENTRY ELEMENTS (KOHA)
Koha item type Law Reports
Source of classification or shelving scheme Dewey Decimal Classification
Holdings
Withdrawn status Lost status Source of classification or shelving scheme Damaged status Not for loan Home library Current library Shelving location Date acquired Total Checkouts Full call number Barcode Date last seen Price effective from Koha item type Public note
    Dewey Decimal Classification     Law Development Centre Main Library Law Development Centre Main Library Law Reports 01/11/2012   348.042 EAS 3642/2012 01/11/2012 01/11/2012 Law Reports  
    Dewey Decimal Classification     Law Development Centre Main Library Law Development Centre Main Library Law Reports 01/11/2012   348.042 EAS 3643/2012 01/11/2012 01/11/2012 Law Reports  
    Dewey Decimal Classification     Law Development Centre Main Library Law Development Centre Main Library Law Reports 01/11/2012   348.042 EAS 3644/2012 01/11/2012 01/11/2012 Law Reports  
          Law Development Centre Main Library Law Development Centre Main Library Law Reports 05/11/2013   348.042 EAS 4844/2013 05/11/2013 05/11/2013 Law Reports Reserve
          Law Development Centre Main Library Law Development Centre Main Library Law Reports 05/11/2013   348.042 EAS 4845/2013 05/11/2013 05/11/2013 Law Reports Reserve